| 000 | 01051nab a22001937a 4500 | ||
|---|---|---|---|
| 999 |
_c5241 _d5241 |
||
| 003 | OSt | ||
| 005 | 20240607121727.0 | ||
| 008 | 190514b xxu||||| |||| 00| 0 spa d | ||
| 040 | _cPJ | ||
| 100 |
_95958 _aSpaventa, Verónica |
||
| 245 | 1 | 0 |
_aPerspectiva de género e infancias : _buna tensión que se disipa a poco de identificar los resabios del modelo patriarcal de familia nuclear que la promueve y sostiene / _cVerónica Spaventa. |
| 300 | _ap. 3-11 | ||
| 500 | _aCita Online: AR/DOC/587/2024 | ||
| 505 | _aSumario: I. Introducción.— II. Género, poder y responsabilidad parental.— III. Violencia vicaria, una forma de violencia de género contra las mujeres y sus hijos, hijas, hijes.— IV. Otra vez... Desmontar modelos para dar cabida a relaciones familiares y a prácticas institucionales respetuosas de los derechos. | ||
| 650 | 0 |
_9967 _aDERECHO DE FAMILIA |
|
| 650 | 0 |
_94044 _aPERSPECTIVA DE GÉNERO |
|
| 773 | 0 |
_02844 _93222 _dBuenos Aires : AbeledoPerrot, 1989- _tDerecho de familia. N° 114 - Mayo 2024 _z18511201 |
|
| 942 |
_2udc _cANA |
||